• 首页
  • 本馆介绍
  • 公告通知
  • 最新文献
  • 馆藏检索
  • 电子资源
  • 读者导购
  • 参考咨询
  • 我的图书馆
  • 登录
  • 详细信息显示
  • 放入我的书架
  • 预约/预借图书
  • 作者相关作品
  • 分类相关作品
  • 丛书相关作品
  • 出版社相关作品

书目信息

  • 表格格式
  • 工作单格式
  • 卡片格式
题名:
企业战略管理
    
 
作者: 李沛强 主编
分册:  
出版信息: 上海   上海交通大学出版社  2018
页数: 287页
开本: 26cm
丛书名:
单 册:
中图分类: F272.1
科图分类:
主题词: 企业管理--战略管理--高等教育--教材
电子资源:
ISBN: 978-7-313-13775-3
000 00879nam0 2200253 45
001 012001011972
005 20141123141944.0
010    @a978-7-313-13775-3@dCNY49.80
100    @a20160331d2015 em y0chiy50 ea
101 0  @achi
102    @aCN@b310000
105    @ak z 000yy
106    @ar
200 1  @a企业战略管理@9qi ye zhan lue guan li@b专著@f李沛强主编
210    @a上海@c上海交通大学出版社@d2018
215    @a287页@d26cm
300    @a普通高等教育精品教材
330    @a本书分为总论、企业战略环境分析、战略选择及评价、战略实施与控制四篇,主要内容包括:企业战略管理概述;企业的外部环境分析;企业的内部环境分析;企业使命和战略目标;企业总体战略等。
333    @a企业管理人员
606 0  @a企业管理@x战略管理@x高等教育@j教材
690    @aF272.1@v5
701  0 @a李沛强@9li pei qiang@4主编
801  0 @aCN@b上海新华@c20191020
905    @b1184752-5@dF272.1@e1692@f4
    
    企业战略管理/李沛强主编.-上海:上海交通大学出版社,2018
    287页;26cm
    普通高等教育精品教材.-使用对象:企业管理人员
    
    ISBN 978-7-313-13775-3:CNY49.80
    本书分为总论、企业战略环境分析、战略选择及评价、战略实施与控制四篇,主要内容包括:企业战略管理概述;企业的外部环境分析;企业的内部环境分析;企业使命和战略目标;企业总体战略等。
●
相关链接 在E读中查询图书 在五车中查询图书 在当当中查询图书 在豆瓣中查询图书


正题名:企业战略管理     索取号:F272.1/1692         预约/预借

序号 登录号 条形码 馆藏地/架位号 状态 备注
1 1184752   211847527   第一样本阅览室/ [索取号:F272.1/1692] 在馆    
2 1184753   211847536   第一借阅区/ [索取号:F272.1/1692] 在馆    
3 1184754   211847545   第一借阅区/ [索取号:F272.1/1692] 在馆    
4 1184755   211847554   第一借阅区/ [索取号:F272.1/1692] 在馆    
唐山师范学院图书馆 欢迎您!
大连网信软件有限公司© 版权所有